00305pab a2200121 454500008004000000100002100040245004700061260000900108300001400117362000800131650001500139773002900154180718b2008 xxu||||| |||| 00| 0 eng d aDavis, Steven J. aThe decline of job loss and why it matters c2008 ap.263-67. aMay aEmployment aAmerican Economic Review